00567nam a2200205Ia 4500003000400000005001700004008004100021020001800062040000700080041000800087082001500095100002300110245001300133260002000146300000900166650002000175942001300195999001900208952013400227OSt20251103112620.0250729s2003 xx 000 0 und d a9780387915623 cAL aeng a574.2 WING aWinter P C9223720 aGenetics aNew Delhic2003 a374p aBiology9223721 2ddccBED c236049d236049 00104070aALbALd2025-07-29eSchool Book Companyg195.00l0o574.2 WINGpBED01368r2025-07-29 16:54:32v195.00w2025-07-29yBK